000 01250nam0a22002771 4500
001 rc\4303110
005 20260514131838.0
021 _aRU
_b[59-11474]
035 _a(NLR Aleph) 008503346
090 _a8123058
_c8123057
100 _a20130416d1959 u y0rusy50 ca
101 0 _arus
102 _aRU
105 _ay z |||||
200 1 _aПрименение хозрасчета в колхозах
_e(Из цикла лекций по курсу "Планирование сельского хозяйства")
_fМоск. ордена Ленина с.-х. акад. им. К.А. Тимирязева. Кафедра планирования сельского хозяйства
210 _aМосква
_cБ. и.
_d1959
215 _a70 с.
_d20
300 _aПеред загл. авт.: П.И. Васильев, доц., канд. экон. наук
606 _aКолхозы
_xХозяйственный расчет
_2psbo
700 1 _7ca
_8rus
_aВасильев
_bП. И.
_cканд. экон. наук, сельское хоз-во
_gПетр Иванович
_92708962
_3RU\NLR\AUTH\770293587
801 0 _aRU
_bNLR
_gpsbo
801 1 _aRU
_bELAR
_2rusmarc
852 _aNLR
_j59-4/3972
942 _cBOOK
980 _aNB